000 00468pab a2200181 454500
008 180718b1989 xxu||||| |||| 00| 0 eng d
100 _aJoshi, B.M.
245 _aEvolution and practice of decentralised planning in India
260 _c1989
300 _ap.98-113.
362 _aJan-Mar
650 _aPlanning
650 _aDecentralization
650 _aEconomic planning
773 _aIndian Journal of Public Administration
908 _aN
909 _a88889
999 _c88889
_d88889